Angličtina pro lenochy a věčné začátečníky /

Hlavní autor: Prater, Karl James, 1962-
Další autoři: Bushell, Jodie
Jazyk: Čeština
Angličtina
Vydáno: Brno : Computer Press, c2006
Vydání: Vyd. 1.
Edice: Jazykové učebnice pro samouky (Computer Press). Angličtina
Témata:
Fyzický popis: 81 s. : barev. il. ; 23 cm + 1 CD
Knihy
Uloženo v:
LEADER 01682nam a2200433 a 4500
001 nkc20061684450
003 CZ PrNK
005 20090106130929.0
007 ta
008 060803s2006 xr a g p 000 0 cze
015 |a cnb001684450 
020 |a 80-251-1022-2  |q (brož.) :  |c Kč 249,00 
035 |a (OCoLC)85704663 
040 |a OLA001  |b cze  |d BOA001 
041 0 |a cze  |a eng 
072 7 |a 811.111  |x Angličtina  |2 Konspekt  |9 11 
072 7 |a 37.016  |x Učební osnovy. Vyučovací předměty. Učebnice  |2 Konspekt  |9 22 
080 |a 811.111  |2 MRF 
080 |a (075)  |2 MRF 
100 1 |a Prater, Karl James,  |d 1962-  |7 mzk2005279647  |4 aut 
245 1 0 |a Angličtina pro lenochy a věčné začátečníky /  |c [autorský tým Karl James Prater, Jodie Bushell] 
246 1 4 |a Angličtina pro lenochy a věčné začátečníky + multimediální CD 
250 |a Vyd. 1. 
260 |a Brno :  |b Computer Press,  |c c2006 
300 |a 81 s. :  |b barev. il. ;  |c 23 cm +  |e 1 CD 
490 1 |a Jazykové učebnice pro samouky. Angličtina 
500 |a Nad názvem: kolektiv angličtina.com 
650 0 7 |a angličtina  |7 ph114056  |2 czenas 
650 0 9 |a English language  |2 eczenas 
655 7 |a učebnice  |7 fd133770  |2 czenas 
655 9 |a textbooks  |2 eczenas 
700 1 |a Bushell, Jodie  |7 mzk2007417389  |4 aut 
830 0 |a Jazykové učebnice pro samouky (Computer Press).  |p Angličtina  |0 s 
910 2 |a BOA001  |b 2-1173.056 
990 |a BK 
995 |a 01 
991 |b 200608  |c NOV 
996 6 |b 2610286566  |c 2-1173.056  |l MZK  |r Sklad / do 1 hodiny  |n 1  |p p.v.  |w 000823315  |u 000010  |a 1  |e BOA001  |j MZK50  |s P 
996 7 |b 2610286567  |c 2-1173.056  |l MZK  |r Sklad / do 1 hodiny  |n 22  |p p.v.  |w 000823315  |u 000020  |a 1  |e BOA001  |j MZK50  |s A